00408nam a2200121Ia 45000010005000000080041000050820026000461000065000722450081001372600024002189010027002429990017002693526241024s9999 xx 000 0 und d a[*SIN CLASIFICACION*] aRepública Dominicana.Secretaría de Estado de Educación 0aMemoria del lanzamiento del centenario del natalicio del profesor Juan Bosch bSanto Domingoc2009 a4/12/2013 2:19:38 p.m. c11426d11426